Địa lý đại cương Dùng cho nhóm ngành VI, VII T.1
v.v....
Đã lưu trong:
| Tác giả chính: | |
|---|---|
| Định dạng: | Sách |
| Năm xuất bản: |
H.
Trường Đại học đại cương
1997
|
| Chủ đề: | |
| Tags: |
Thêm thẻ
Không có thẻ, Hãy là người đầu tiên gắn thẻ bản ghi này!
|
| LEADER | 00803nam a2200193 4500 | ||
|---|---|---|---|
| 082 | |a 910.02 |b Đ 301 l | ||
| 100 | |a Nguyễn Vi Dân | ||
| 245 | |a Địa lý đại cương |c Nguyễn Vi Dân chủ biên, Đinh Văn Thanh, Nguyễn Cao Huấn,Trương Quang Hải |b Dùng cho nhóm ngành VI, VII |n T.1 | ||
| 260 | |a H. |b Trường Đại học đại cương |c 1997 | ||
| 300 | |a 148tr. |c 27cm | ||
| 520 | |a v.v.... | ||
| 653 | |a Địa lý | ||
| 653 | |a Địa lý tự nhiên | ||
| 653 | |a Địa lý kinh tế | ||
| 653 | |a Xã hội | ||
| 653 | |a Trái đất | ||
| 942 | |2 ddc |c STK0 | ||
| 999 | |c 3317 |d 3317 | ||
| 952 | |0 0 |1 0 |2 ddc |4 0 |6 910_020000000000000_Đ_301_L |7 0 |8 900 |9 35941 |a qbu |b qbu |c D5 |d 2014-12-16 |g 28000 |l 1 |m 1 |o 910.02 Đ 301 l |p 4489.C1 |r 2015-12-14 |s 2015-11-24 |w 2014-12-16 |y STK0 |0 0 |6 910_020000000000000_Đ_301_L | ||